<?xml version="1.0" encoding="UTF-8"?><?xml-stylesheet type="text/xsl" href="static/style.xsl"?><OAI-PMH xmlns="http://www.openarchives.org/OAI/2.0/" xmlns:xsi="http://www.w3.org/2001/XMLSchema-instance" xsi:schemaLocation="http://www.openarchives.org/OAI/2.0/ http://www.openarchives.org/OAI/2.0/OAI-PMH.xsd"><responseDate>2026-04-13T04:05:27Z</responseDate><request verb="GetRecord" identifier="oai:www.recercat.cat:2117/386230" metadataPrefix="marc">https://recercat.cat/oai/request</request><GetRecord><record><header><identifier>oai:recercat.cat:2117/386230</identifier><datestamp>2025-07-22T17:34:57Z</datestamp><setSpec>com_2072_1033</setSpec><setSpec>col_2072_452951</setSpec></header><metadata><record xmlns="http://www.loc.gov/MARC21/slim" xmlns:dcterms="http://purl.org/dc/terms/" xmlns:xsi="http://www.w3.org/2001/XMLSchema-instance" xmlns:doc="http://www.lyncode.com/xoai" xsi:schemaLocation="http://www.loc.gov/MARC21/slim http://www.loc.gov/standards/marcxml/schema/MARC21slim.xsd">
   <leader>00925njm 22002777a 4500</leader>
   <datafield ind2=" " ind1=" " tag="042">
      <subfield code="a">dc</subfield>
   </datafield>
   <datafield ind2=" " ind1=" " tag="720">
      <subfield code="a">Buen García, Eric</subfield>
      <subfield code="e">author</subfield>
   </datafield>
   <datafield ind2=" " ind1=" " tag="260">
      <subfield code="c">2023-02-02</subfield>
   </datafield>
   <datafield ind2=" " ind1=" " tag="520">
      <subfield code="a">L’empresa Johnson Controls-Hitachi Air Conditioning Spain SA pretén dur a terme una ampliació de l’espai de línies de producció a la seva nau industrial. Aquesta ampliació afectarà el magatzem de producte acabat de l’empresa, per on s’expedeixen les màquines ja finalitzades per a la seva venda. L’espai d’aquest magatzem es veurà reduït i, a més, la voluntat de l’empresa és duplicar la producció actual de cara a 2025. Al llarg de l’estudi es detalla el funcionament actual del magatzem i del procés d’expedició, traient com a principal conclusió que el procés és molt manual i que no es pot mantenir aquest procés si es volen aconseguir els objectius marcats per 2025. És per tot això que és necessari dur a terme una remodelació al magatzem de producte acabat, i aquest és l’objecte d’aquest estudi. L’objectiu és fer una proposta de magatzem que permeti augmentar el ritme d’expedició de mercaderies, tot incorporant la tecnologia necessària i fent una obra d’ampliació en cas que sigui necessari. El que es pretén en aquest estudi és analitzar diferents formes d’automatitzar i optimitzar el procés d’expedició de material, per així poder fer-ne una valoració de les diferents opcions i poder fer una proposta viable que permeti assolir el ritme d’expedició desitjat d’acord amb el ritme de producció estimat. També es fa un pressupost que acompanya la proposta de solució escollida, on s’inclou el cost de realització de l’estudi, el cost de l’obra d’ampliació proposada en la solució i el cost de la nova tecnologia a incorporar al magatzem. La conclusió principal que s’extreu observant el temps estimat d’expedició seguint el procés proposat en la solució escollida, és que es podria assolir un ritme d’expedició inclús superior al desitjat, la qual cosa seria molt positiva en cas que la producció continuï augmentant en el futur.</subfield>
   </datafield>
   <datafield tag="653" ind2=" " ind1=" ">
      <subfield code="a">Àrees temàtiques de la UPC::Economia i organització d'empreses::Direcció d'operacions</subfield>
   </datafield>
   <datafield tag="653" ind2=" " ind1=" ">
      <subfield code="a">Warehouses--Management</subfield>
   </datafield>
   <datafield tag="653" ind2=" " ind1=" ">
      <subfield code="a">Business logistics</subfield>
   </datafield>
   <datafield tag="653" ind2=" " ind1=" ">
      <subfield code="a">Automation</subfield>
   </datafield>
   <datafield tag="653" ind2=" " ind1=" ">
      <subfield code="a">Magatzem</subfield>
   </datafield>
   <datafield tag="653" ind2=" " ind1=" ">
      <subfield code="a">Producte acabat</subfield>
   </datafield>
   <datafield tag="653" ind2=" " ind1=" ">
      <subfield code="a">Procés</subfield>
   </datafield>
   <datafield tag="653" ind2=" " ind1=" ">
      <subfield code="a">Expedició</subfield>
   </datafield>
   <datafield tag="653" ind2=" " ind1=" ">
      <subfield code="a">Remodelació</subfield>
   </datafield>
   <datafield tag="653" ind2=" " ind1=" ">
      <subfield code="a">Automatització</subfield>
   </datafield>
   <datafield tag="653" ind2=" " ind1=" ">
      <subfield code="a">Magatzems--Direcció i administració</subfield>
   </datafield>
   <datafield tag="653" ind2=" " ind1=" ">
      <subfield code="a">Logística (Indústria)</subfield>
   </datafield>
   <datafield tag="653" ind2=" " ind1=" ">
      <subfield code="a">Automatització</subfield>
   </datafield>
   <datafield ind2="0" ind1="0" tag="245">
      <subfield code="a">Estudi de remodelització i optimització de l’espai i el funcionament d'un magatzem de producte acabat en una empresa existent en un edifici industrial existent</subfield>
   </datafield>
</record></metadata></record></GetRecord></OAI-PMH>